000 00455nam a2200169 i 4500
001 100248
003 ES-MaACL
005 20230906182634.0
007 t|
008 050923s1905 be ||||1| fre d
100 1 _aMarucchi, Orazio.
_978571
245 1 0 _aElements d'archeologie chrètienne /
_cOrazio Marucchi.
250 _a2ª ed.
260 _aBruges :
_bDesclée de Brouwer,
_c1905.
300 _a3 v. ;
_c22 cm.
852 _aES-MaACL
_jF-2773-75
999 _c100248
_d100248